| 000 | 00443nam a22001457a 4500 | ||
|---|---|---|---|
| 999 |
_c7620 _d7620 |
||
| 003 | GBCCL | ||
| 005 | 20241126110632.0 | ||
| 008 | 180904b ||||| |||| 00| 0 eng d | ||
| 040 | _cgbc | ||
| 082 |
_a220.07 _bUND |
||
| 245 |
_aFull life : _bUnderstanding the fullness of life in Christ, a compilation of articles for spirit-filled Christians/ _cedited by Donald C. Stamps |
||
| 300 | _a189p. ; | ||
| 650 |
_aBible _vstudy _92583 |
||
| 942 |
_2ddc _cBK |
||